5HLuxD.jpg

KING HENRY VIII SENIOR AND PRIMARY SCHOOL LIBRARY OPAC

V for vendetta / (Record no. 2881)

000 -LEADER
fixed length control field 01485nam a2200361 a 4500
003 - CONTROL NUMBER IDENTIFIER
control field OSt
005 - DATE AND TIME OF LATEST TRANSACTION
control field 20230908114056.0
008 - FIXED-LENGTH DATA ELEMENTS--GENERAL INFORMATION
fixed length control field 190801s2005 nyua e 000 c eng d
020 ## - INTERNATIONAL STANDARD BOOK NUMBER
International Standard Book Number 9781401208417
040 ## - CATALOGING SOURCE
Original cataloging agency EYB
Transcribing agency EYB
Modifying agency IP4
-- BAKER
-- MRH
-- DAY
-- CaOL
-- KH8
Language of cataloging eng
Description conventions rda
082 ## - DEWEY DECIMAL CLASSIFICATION NUMBER
Classification number 741.594 MOO
100 1# - MAIN ENTRY--PERSONAL NAME
Personal name Moore, Alan,
Dates associated with a name 1953-
Relator term author.
245 10 - TITLE STATEMENT
Title V for vendetta /
Statement of responsibility, etc. written by Alan Moore ; art by David Lloyd ; coloring by David Lloyd, Steve Whitaker and Siobhan Dodds.
264 #1 - PRODUCTION, PUBLICATION, DISTRIBUTION, MANUFACTURE, AND COPYRIGHT NOTICE
Place of production, publication, distribution, manufacture New York :
Name of producer, publisher, distributor, manufacturer DC Comics,
Date of production, publication, distribution, manufacture, or copyright notice c2005.
264 #4 - PRODUCTION, PUBLICATION, DISTRIBUTION, MANUFACTURE, AND COPYRIGHT NOTICE
Date of production, publication, distribution, manufacture, or copyright notice ©2005.
300 ## - PHYSICAL DESCRIPTION
Extent 288 pages :
Other physical details chiefly color illustrations ;
Dimensions 27 cm.
336 ## - CONTENT TYPE
Content type term text
Source rdacontent.
337 ## - MEDIA TYPE
Media type term unmediated
Source rdamedia.
338 ## - CARRIER TYPE
Carrier type term volume
Source rdacarrier.
500 ## - GENERAL NOTE
General note "Originally published in single magazine form in the United States as V for Vendetta 1-10"--T.p. verso.
520 ## - SUMMARY, ETC.
Summary, etc. In an alternate future in which Germany wins World War II and Britain becomes a fascist state, a vigilante named "V" tries to free England of its ideological chains.
650 #0 - SUBJECT ADDED ENTRY--TOPICAL TERM
Topical term or geographic name entry element Totalitarianism
Form subdivision Fiction.
650 #0 - SUBJECT ADDED ENTRY--TOPICAL TERM
Topical term or geographic name entry element Anarchism
Form subdivision Fiction.
650 #0 - SUBJECT ADDED ENTRY--TOPICAL TERM
Topical term or geographic name entry element Alternative histories (Fiction)
Source of heading or term genre.
650 #0 - SUBJECT ADDED ENTRY--TOPICAL TERM
Topical term or geographic name entry element Science fiction comic books, strips, etc.
650 #0 - SUBJECT ADDED ENTRY--TOPICAL TERM
Topical term or geographic name entry element Science fiction
Source of heading or term genre.
650 #0 - SUBJECT ADDED ENTRY--TOPICAL TERM
Topical term or geographic name entry element Graphic novels.
Source of heading or term genre.
651 #0 - SUBJECT ADDED ENTRY--GEOGRAPHIC NAME
Geographic name England
Form subdivision Fiction.
700 1# - ADDED ENTRY--PERSONAL NAME
Personal name Lloyd, David,
Dates associated with a name 1950-
Relator term illustrator.
700 1# - ADDED ENTRY--PERSONAL NAME
Personal name Whitaker, Steve,
Relator term illustrator.
700 1# - ADDED ENTRY--PERSONAL NAME
Personal name Dodds, Siobhan,
Relator term illustrator.
942 ## - ADDED ENTRY ELEMENTS (KOHA)
Source of classification or shelving scheme
Koha item type Teaching Resources
Holdings
Withdrawn status Lost status Source of classification or shelving scheme Damaged status Not for loan Collection code Permanent Location Current Location Shelving location Date acquired Full call number Barcode Date last seen Price effective from Koha item type
          Teaching Resources KH8 Senior School Library KH8 Senior School Library Staff Office 2023-09-08 741.594 MOO TRKHSL002528 2023-09-08 2023-09-08 Teaching Resources

Powered By KH8 IT Dept